|
|
|
|
| LEADER |
00857nab a2200241 i 4500 |
| 001 |
publ4068 |
| 005 |
20180730103621.0 |
| 008 |
140204s2014 hu o 0|| zxx d |
| 022 |
|
|
|a 0167-0115
|
| 024 |
7 |
|
|a 10.1016/j.regpep.2013.11.004
|2 doi
|
| 024 |
7 |
|
|a 2502882
|2 mtmt
|
| 040 |
|
|
|a SZTE Publicatio Repozitórium
|b hun
|
| 041 |
|
|
|a zxx
|
| 100 |
1 |
|
|a Jászberényi Miklós
|
| 245 |
1 |
4 |
|a The actions of neuropeptide SF on the hypothalamic–pituitary–adrenal axis and behavior in rats
|h [elektronikus dokumentum] /
|c Jászberényi Miklós
|
| 260 |
|
|
|a Elsevier
|c 2014
|
| 300 |
|
|
|a 46-51
|
| 490 |
0 |
|
|a Regulatory Peptides
|v 188
|
| 700 |
0 |
1 |
|a Bagosi Zsolt
|e aut
|
| 700 |
0 |
1 |
|a Csabafi Krisztina
|e aut
|
| 700 |
0 |
1 |
|a Palotai Miklós
|e aut
|
| 700 |
0 |
1 |
|a Telegdy Gyula
|e aut
|
| 856 |
4 |
0 |
|u http://publicatio.bibl.u-szeged.hu/4068/1/J%C3%A1szber%C3%A9nyi.pdf
|z Dokumentum-elérés
|